<?xml version="1.0" encoding="UTF-8"?>
<record
    xmlns:xsi="http://www.w3.org/2001/XMLSchema-instance"
    xsi:schemaLocation="http://www.loc.gov/MARC21/slim http://www.loc.gov/standards/marcxml/schema/MARC21slim.xsd"
    xmlns="http://www.loc.gov/MARC21/slim">

  <leader>00401nam a2200145Ia 4500</leader>
  <controlfield tag="008">090122s9999    xx            000 0 und d</controlfield>
  <datafield tag="082" ind1=" " ind2=" ">
    <subfield code="b">7747</subfield>
    <subfield code="a">891.463</subfield>
  </datafield>
  <datafield tag="100" ind1=" " ind2=" ">
    <subfield code="a">&#x936;&#x947;&#x935;&#x924;&#x947;</subfield>
    <subfield code="b">&#x905;&#x930;&#x941;&#x923;</subfield>
  </datafield>
  <datafield tag="245" ind1=" " ind2=" ">
    <subfield code="a">&#x915;&#x93E;.&#x932;&#x93E;&#x902;&#x940;.&#x926;&#x940;.</subfield>
  </datafield>
  <datafield tag="600" ind1=" " ind2=" ">
    <subfield code="a">&#x936;&#x947;&#x935;&#x924;&#x947;</subfield>
  </datafield>
  <datafield tag="630" ind1=" " ind2=" ">
    <subfield code="a">&#x915;&#x93E;.&#x932;&#x93E;&#x902;&#x940;.&#x926;&#x940;.</subfield>
  </datafield>
  <datafield tag="700" ind1=" " ind2=" ">
    <subfield code="a">&#x936;&#x947;&#x935;&#x924;&#x947;</subfield>
  </datafield>
  <datafield tag="730" ind1=" " ind2=" ">
    <subfield code="a">&#x915;&#x93E;.&#x932;&#x93E;&#x902;&#x940;.&#x926;&#x940;.</subfield>
  </datafield>
  <datafield tag="942" ind1=" " ind2=" ">
    <subfield code="c">BOOK</subfield>
  </datafield>
  <datafield tag="999" ind1=" " ind2=" ">
    <subfield code="c">31824</subfield>
    <subfield code="d">31824</subfield>
  </datafield>
  <datafield tag="952" ind1=" " ind2=" ">
    <subfield code="0">0</subfield>
    <subfield code="1">0</subfield>
    <subfield code="4">0</subfield>
    <subfield code="7">0</subfield>
    <subfield code="a">DOMGRANTH</subfield>
    <subfield code="b">DOMGRANTH</subfield>
    <subfield code="d">2009-01-22</subfield>
    <subfield code="l">0</subfield>
    <subfield code="o">7747</subfield>
    <subfield code="p">DOM-7747</subfield>
    <subfield code="r">2009-01-22 00:00:00</subfield>
    <subfield code="t">1</subfield>
    <subfield code="w">2009-01-22</subfield>
    <subfield code="y">BOOK</subfield>
  </datafield>
</record>
